00265nam a2200121Ia 4500008004100000100001800041245001300059260002600072300000800098650001300106942000700119999001700126190216s9999||||xx |||||||||||||| ||und|| aPottakadu S K 0aPulliman bPoorna Pubs Kozhikode a158 aKathakal cBK c26900d26900